MARC

LEADER 00000nam0a2200000 4500
001 298738
005 20231102001132.0
035 |a (RuTPU)RU\TPU\book\323881 
090 |a 298738 
100 |a 20150620d1967 k y0rusy50 ca 
101 0 |a rus 
102 |a RU 
105 |a a z 000zy 
200 1 |a По новому руслу  |e воспоминания  |f Н. А. Филимонов 
210 |a Ленинград  |c Лениздат  |d 1967 
215 |a 294 с.  |c ил. 
606 1 |a Гидроэлектрические станции  |2 stltpush  |3 (RuTPU)RU\TPU\subj\7095  |9 34826 
610 1 |a ГРЭС 
610 1 |a строительство 
610 1 |a ГРЭС 
610 1 |a Гоэлро 
610 1 |a история 
610 1 |a 20 век 
610 1 |a Волго-Донская водная магистраль 
610 1 |a воспоминания 
675 |a 621.311.21  |v 3 
700 1 |a Филимонов  |b Н. А.  |g Николай Александрович 
801 1 |a RU  |b 63413507  |c 20150620 
801 2 |a RU  |b 63413507  |c 20150720  |g RCR 
942 |c BK